| 000 | 00595nam a22002177a 4500 | ||
|---|---|---|---|
| 003 | OSt | ||
| 008 | 140315b xxu||||| |||| 00| 0 eng d | ||
| 100 | 1 | _aEvans, Donald | |
| 041 | _aeng | ||
| 245 | 1 | 0 | _aWorld of Donald Evans, The |
| 260 |
_aNew York _bHarlin Quist ; Distributed by Dial/Delacorte Sales |
||
| 300 | _a163 pages | ||
| 650 | 0 | _aEvans, Donald, 1945-1977 | |
| 650 | 0 | _aUnited States | |
| 650 | 0 | _aArtists and Designers | |
| 650 | 0 | _aDesigns | |
| 650 | 0 | _aBogus Issues | |
| 650 | 0 | _aCinderella Material | |
| 650 | 0 | _aPostage Stamps in Art Type Book | |
| 700 | 1 | _aWilly Eisenhart | |
| 999 |
_c441 _d441 |
||